Rock Bands - Sudden Death - Statistics

General Stats
  • This quiz has been taken 658 times
    193 since last reset
  • The average score is 11 of 18
Answers on the Grid
Answers color-coded by a green-red scale on the quiz's grid according to % correct below.
AC/DC
The Beatles
Led Zepplin
Van Halen
Nirvana
Pink Floyd
Foo Fighters
Aerosmith
The Rolling Stones
Guns N' Roses
Queen
Eagles
U2
Metallica
Journey
Black Sabbath
Rush
Twenty-One Pilots
Imagine Dragons
One Direction
Destiny's Child
Arctic Monkey
Eminem
The Weekend
New Kids on the Block
The Jackson 5
NSYNC
Wham!
Boyz II Men
Backstreet Boys
ABBA
One Republic
 
Answer Stats
Answer % Correct
Guns N' Roses
68%
Led Zepplin
68%
Metallica
68%
Queen
68%
AC/DC
67%
Van Halen
67%
Aerosmith
65%
Pink Floyd
65%
Black Sabbath
64%
The Rolling Stones
64%
Eagles
63%
Nirvana
63%
Foo Fighters
61%
U2
59%
The Beatles
55%
Journey
52%
Arctic Monkey
42%
Rush
40%
No matching quizzes found
Score Distribution
Percent of People with Each Score
Percentile by Number Answered
Your Score History
You have not taken this quiz since the last reset